000 00749cam a2200229 a 4500
001 4378675
005 20180127052344.0
008 910531s1992 nyua b 001 0 eng
010 _a 91021733
020 _a0671761153 (pbk.) :
_c$10.00
040 _aDLC
_cDLC
_dDLC
041 _aeng
080 _a616.202
082 0 0 _a616.202 BOG
_220
100 1 _a4
101 _aSHM
245 1 0 _aSneezing your head off? :
_cPeter B. Boggs.
504 _aIncludes bibliographical references (p. 255-257) and index.
906 _a7
_bcbc
_corignew
_d1
_eocip
_f19
_gy-gencatlg
942 _2ddc
_cBK
999 _c41085
_d41085